| 000 | 00743cam a2200229Ma 4500 | ||
|---|---|---|---|
| 008 | |||
| 020 | _a9781859464472 | ||
| 049 | _aMAIN | ||
| 090 |
_aTJ163.5.B84 _bCLA |
||
| 100 | 1 | _aClark, David H. | |
| 245 | 1 | 0 |
_aWhat colour is your building? : _bmeasuring and reducing the energy and carbon footprint of buildings / _cDavid H. Clark. |
| 260 | 1 |
_aLondon : _bRIBA Publishing, _c2013 |
|
| 300 |
_avii, 264 p. : _bill. ; _c28 cm. |
||
| 500 | _aIncludes index. | ||
| 504 | _aIncludes bibliographical references. | ||
| 650 | 0 |
_aBuildings _xEnergy conservation. |
|
| 907 |
_a.b10369454 _b16-02-16 _c16-02-16 |
||
| 003 | |||
| 005 | 20230123122206.0 | ||
| 040 | _cNUST | ||
| 942 |
_cBOOKS _kTJ163.5.B84 _mCLA |
||
| 999 |
_c129401 _d129401 |
||